The classical quarterly

Bibliographic Details
Previous Title:Classical review (Online)
Corporate Author: Classical Association (Great Britain)
Format: Electronic Journal
Language:English
Published: London : David Nutt, 1907-
Subjects:
Online Access:Full text available from Research Library: 05/01/2001 to 1 year ago

MARC

LEADER 00000nas a2200000 a 4500
001 ssj0012520
003 WaSeSS
005 20200512172242.0
006 m d
007 cr n
008 021211c19079999enkfr pss 0 0eng c
010 |a  2002227228 
016 7 |a 2060299-6  |2 DE-600 
022 |a 1471-6844  |l 0009-8388  |y 0009-8388 
035 |a (WaSeSS)ssj0012520 
040 |a EYM  |b eng  |c EYM  |d OCLCQ  |d OCL  |d OCLCQ  |d UMC  |d WEA  |d OCLCQ  |d OCLCF  |d OCLCO  |d OCLCQ  |d DEBBG  |d OCLCE  |d GILDS  |d OCLCO  |d AU@  |d NJT  |d VT2  |d IUL  |d IE@  |d WaSeSS 
042 |a pcc 
050 1 4 |a PA1 
130 0 |a Classical quarterly (Online) 
222 0 |a Classical quarterly  |b (Online) 
245 1 4 |a The classical quarterly  |h [electronic resource]. 
260 |a London :  |b David Nutt,  |c 1907- 
310 |a Semiannual,  |b 1959- 
321 |a Quarterly,  |b 1907-1958 
362 0 |a Vol. 1, no. 1 (Apr. 1907)-v. 44, no. 3/4 (July/Oct. 1950) ; new ser., v. 1, no. 1/2 (Jan./Apr. 1951)- 
500 |a Title from title screen (viewed Dec. 12, 2002). 
500 |a Imprint varies. 
500 |a Vol. 1 (1907)-18 (1924) are digital versions of the reprint ed. published: London : William Dawson and Sons, 1967. 
506 |a License restrictions may limit access. 
515 |a New ser., v. 1- called also v. 45- continuing the numbering designation of the previous series. 
515 |a Some issues combined. 
550 |a Published for the Classical Association. 
580 |a Comprises the non-evaluative matter previously contained in: Classical review. 
588 |a Latest issue consulted: New ser., v. 46, no. 2 (1996). 
650 0 |a Classical philology  |v Periodicals. 
650 7 |a Classical philology.  |2 fast  |0 (OCoLC)fst00863532 
655 0 |a Electronic journals. 
710 2 |a Classical Association (Great Britain) 
776 0 8 |i Print version:  |t Classical quarterly  |x 0009-8388  |w (DLC) 08019521  |w (OCoLC)1166978 
780 0 1 |t Classical review (Online)  |x 1464-3561  |w (DLC) 2002227350  |w (OCoLC)51205309 
856 4 0 |z Full text available from Research Library: 05/01/2001 to 1 year ago  |u https://search.proquest.com/publication/40538